| 000 | 00770nam a2200241Ia 4500 | ||
|---|---|---|---|
| 999 |
_c27758 _d27758 |
||
| 003 | GCL | ||
| 005 | 20240530101808.0 | ||
| 008 | 140319s9999 xx 000 0 ara d | ||
| 040 |
_aGCL / _cGCL |
||
| 082 | 0 | 4 |
_a159 _bر ط |
| 100 | 1 | _aهايمان ، ريي | |
| 245 | 1 | 0 |
_aطبقة البحث السيكولوجي / _cريي هايمان |
| 260 |
_a[S.N] : _bدار الشروق ، _c1999 |
||
| 300 | _a210 ص | ||
| 490 |
_aمكتبة اصول علم النفس الحديث _v0 |
||
| 650 | 0 | 4 | _aعلم النفس |
| 650 | 0 | 4 | _aالعلاقات الانسانية |
| 650 | 0 | 4 | _aعلم النفس الاجتماعى |
| 650 | 0 | 4 | _aطرق القياس |
| 650 | 0 | 4 | _aالقياس الاجتماعى |
| 700 | 1 | _aعبدالرحمن عيسوى | |
| 942 |
_2ddc _cBK |
||